000 00802nam a2200253Ia 4500
003 OSt
005 20221005111959.0
006 a|||||r|||| 00| 0
007 ta
008 221004b |||||||| |||| 00| 0 hin d
024 _a21218
037 _bGift, 10/07/2015,
_cTextual
040 _aCRL
_cCRL
_bhin
041 _2hin
_ahin
082 _aO168,3v, 152Q3
100 _aसईद, वहशी
245 0 _aसड़क जा रही है
246 _aSaड़k jā rahī hai
260 _aवाराणसी
_bतहरीक-ए-अदब भारत
_c2013
300 _a200पृ0
_ccm.
650 _aउर्दू साहित्य
942 _hO168,3v, 152Q3
_cTEXL
_2cc
999 _c1023477
_d1023477